000 01643nam0a2200361 4500
001 RU\NLR\BIBL_A\022584200
005 20260420050726.0
010 _a978-5-4356-0046-9
_9150
021 _aRU
_bКН-П-25-028248
_9КН-П-25-2801
035 _a(NLR Aleph) 022584200
090 _a13677767
_c13677767
100 _a20250711d2019 k y0rusy50 ca
101 0 _arus
102 _aRU
105 _aa z 000yy
181 0 _ai
_bxxxe
182 0 _an
200 1 _aМежевание башкирских земель в конце XVIII – начале XX вв.
_eмонография
_fА. И. Акманов, Л. Ш. Сулейманова, Р. Г. Юсупов [и др.]
203 _aТекст
_bвизуальный
_cнепосредственный
210 _aУфа
_cПедкнига
_d2019
215 _a196, [1] с .
_cтабл.
_d20
320 _aБиблиогр. в подстроч. примеч.
606 1 _aЗемли
_xМежевание
_yБашкирия
_zкон. 18 - нач. 20 вв.
_92680519
_3RU\NLR\AUTH\6601761159
606 1 _aЗемлеустройство
_xИстория
_yБашкирия
_92523544
_3RU\NLR\AUTH\661495220
686 1 _aУ32(28)-513.1
686 1 _aХ2(2)46/47
701 1 _aАкманов
_bА. И.
_f1966-
_gАйтуган Ирекович
701 1 _7ca
_8rus
_aСулейманова
_bЛ. Ш.
_gЛена Шагидулловна
_9113570
_3RU\NLR\AUTH\773575
701 1 _aЮсупов
_bР. Г.
_gРахимьян Галимьянович
942 _cBOOK
980 _aNB